Th-Mphil-Identification and characterization of glutathione S-transferase and superoxide dismutase against zinc oxide and silver nanoparticles in capsicum annuum. (Record no. 479964)
[ view plain ]
| 000 -LEADER | |
|---|---|
| fixed length control field | 00476nam a22001337a 4500 |
| 003 - CONTROL NUMBER IDENTIFIER | |
| control field | ASAB |
| 005 - DATE AND TIME OF LATEST TRANSACTION | |
| control field | 20180827062611.0 |
| 008 - FIXED-LENGTH DATA ELEMENTS--GENERAL INFORMATION | |
| fixed length control field | 160201t xxu||||| |||| 00| 0 eng d |
| 040 ## - CATALOGING SOURCE | |
| Transcribing agency | ASAB |
| 100 ## - MAIN ENTRY--PERSONAL NAME | |
| Personal name | Abdul mohaimen talha mehmood-sup-Dr. Nasar um Minullah |
| 9 (RLIN) | 1513 |
| 245 ## - TITLE STATEMENT | |
| Title | Th-Mphil-Identification and characterization of glutathione S-transferase and superoxide dismutase against zinc oxide and silver nanoparticles in capsicum annuum. |
| 300 ## - PHYSICAL DESCRIPTION | |
| Extent | 69 |
| 942 ## - ADDED ENTRY ELEMENTS (KOHA) | |
| Source of classification or shelving scheme | |
| Koha item type | Continuing Resources |
| Withdrawn status | Lost status | Source of classification or shelving scheme | Damaged status | Not for loan | Permanent Location | Current Location | Date acquired | Total Checkouts | Full call number | Barcode | Date last seen | Price effective from | Koha item type |
|---|---|---|---|---|---|---|---|---|---|---|---|---|---|
| Atta-ur-Rahman School of Applied Biosciences (ASAB) | Atta-ur-Rahman School of Applied Biosciences (ASAB) | 02/01/2016 | Thesis abdul mohaimen talha mehmood | ASABMs-3-15 | 04/24/2018 | 02/01/2016 |
